| 000 | 00453cam a2200145u 4500 | ||
|---|---|---|---|
| 040 | _cCarP | ||
| 082 | _a628 GRI 1915 A054 Or. | ||
| 100 | 1 | _aPark, James, | |
| 245 | 0 | 2 | _aA text-book of theodolite surveying and levelling for the use of students in land and mine surveying, |
| 250 | _a3d ed. | ||
| 260 |
_aLondon, _bC. Griffin & company, limited, _c1915. |
||
| 300 |
_axiii, 430 p., 1 l. _billus., diagrs. _c20 cm. |
||
| 650 | 0 | _aSurveying. | |
| 942 | _cEK | ||
| 999 |
_c15040 _d15040 |
||